000
00285nam a2200097Ia 4500
005
20251222114410.0
008
251222s1900||||xx |||||||||||||| ||spa||
082
_a
DVD0124/G76/1997
245
0
_a
Rolling Stones: en concierto:The Rolling Stones Bridges to Babylon Tour '97 - 98
942
_c
DVD
999
_c
1997
_d
1997